000 01262nam a22001577a 4500
005 20230620113733.0
008 230620b ||||| |||| 00| 0 eng d
020 _a2920301041415
050 _aHF5657.4.H365
100 _9Hatch, Jim
245 _aManaging financial resources
_cJim Hatch
260 _aLondon:
_bIvey,
_c2015
300 _avarious pages:
_bill.;
_c29cm
505 _aContents: The royal manufacturing Inc. -- NCB office products Inc. -- Sophisticated petits-- George Haddad Menswear limited -- Valuing Wal-Mart-2010 -- Boarders hotel corp. -- Granite Apparel: funding an expansion -- Rocky mountain high ski resort--Blaine kitchenware, Inc.: capital structure -- Anheuser - Busch and Campbell Taggart -- Champion road machinery -- Telus: the coast of capital -- Teletech corporation, 2005 -- Hongxing auto sales and service Co. -- Industrial accessories Ltd. -- Pinkerton (A) -- MFR Segment course outline--Note on legal aspects of secured lending in Canada --Introductory class comments-- Collateral security and bankruptcy -- Debt market and interest rates -- Note on sustainable growth in dividends -- Note on blended payments -- Note on calculation of burden coverage -- Risk and CAPM -- WACC lecture -- Valuation methods --
942 _2lcc
_cBK
999 _c9761
_d17261